000 00643nam a2200253Ia 4500
003 OSt
005 20220924153210.0
006 a|||||r|||| 00| 0
007 ta
008 220923b |||||||| |||| 00| 0 guj d
024 _a347202
037 _cTextual
040 _aARTS
_cARTS
_bguj
041 _2guj
_aguj
082 _aO156,3NTH1,4, K0.1
100 _aThakur Jaya Au.
_9228289
245 0 _aSitar
260 _c1960
300 _a288p.
_ccm.
650 _a GUJRATI LITERATURE
650 _aGUJRATI FICTION
942 _hO156,3NTH1,4, K0.1
_cTEXL
_2CC
999 _c472686
_d472686